000 00189 a2200097 4500
020 _a1564921018
041 _aspa
100 _akohen,Clarita
245 _aEl Agua y tu
942 _cLibros/Book
999 _c31748
_d31746